01011cam a2200301 i 45000010008000000030009000080050017000170080041000340200018000750400037000930820017001302450045001472500019001922640044002113000038002553360026002933370028003193380027003475040041003746500041004156510010004566530020004666550017004867000028005039420021005319990017005529520140005699332828EG-ScBUE20230313112019.0100430s2009 it o f b 000 0deng d a9788864130170 aItFiCbengerdacItFiCdEG-ScBUE04a779bFUT22200aFuture images /cedited by Mario Cresci. aFirst edition. aMilano :bORE Motta Cultura srl,c2009. a309 pages :bphotographs ;c29 cm 2rdacontentatextbtxt 2rdamediaaunmediatedbn 2rdacarrieravolumebnc aIncludes bibliographical references. 7aPhotography, Artistic.2BUEsh937552 2BUEsh bCOMAMEcMay2015 vReading book1 aCresci, Mario,eeditor. 2ddck779 FUTcBB c19361d19333 00102ddc40708AlahramaMAINbMAINc2NDd2015-05-17ePurchaseg545.00h303l0o779 FUT TRp000038215r2022-08-24 00:00:00v681.25yTR